A Murder has been arranged : a ghost story in three acts.

Uloženo v:
Podrobná bibliografie
Hlavní autor: Williams, Emlyn, 1905-1987
Médium: Kniha
Jazyk:English
Vydáno: N.Y. : French, 1931.
Vydání:Standard library ed.
LEADER 00720nam a22001931 4500
001 c000349460
003 CARM
005 00000000000000.0
008 851003s1931 nyu 00000 eng d
019 1 |a 3994982  |z 40724807  |5 LACONCORD2021 
035 |a (OCoLC)217235693  |5 LACONCORD2021 
100 1 |a Williams, Emlyn,  |d 1905-1987. 
245 1 2 |a A Murder has been arranged :  |b a ghost story in three acts. 
250 |a Standard library ed. 
260 |a N.Y. :  |b French,  |c 1931. 
852 8 |b CARM  |h A1:AN17A0  |i A04629  |p 0411815  |f BK 
082 0 4 |a 822.9 
999 f f |i 7c020b4e-f40e-5226-bd13-626f3f197a05  |s be71c78f-047b-54ec-aad7-4542d84d9bc1 
952 f f |p Can circulate  |a CAVAL  |b CAVAL  |c CAVAL  |d CARM 1 Store  |e A04629  |f A1:AN17A0  |h Other scheme  |i book  |m 0411815